000 00563nmm a2200193Ia 4500
008 251105s9999||||xx |||||||||||||||||und||
020 _a9789871727650
041 _aspa
100 _aXimena Triquell
245 0 _aFuera de Cuadro :
_b Discursos Audiovisuales desde los Márgenes
264 _a[Buenos Aires, Argentina] :
_bEduvim,
_c2011
300 _a210 páginas
490 _aPoliedros
650 _aCultural Studies
700 _aXimena Triquell
700 1 _a Santiago Ruiz
856 _uhttps://public.digitaliapublishing.com/a/14813
942 _cCF
999 _c72677
_d72677